Information freedom and censorship. (Record no. 126931)
[ view plain ]
| 000 -LEADER | |
|---|---|
| fixed length control field | 00442cam9a220016900 4500 |
| 001 - CONTROL NUMBER | |
| control field | tmp15760736 |
| 003 - CONTROL NUMBER IDENTIFIER | |
| control field | UPRA |
| 005 - DATE AND TIME OF LATEST TRANSACTION | |
| control field | 20190822092552.0 |
| 008 - FIXED-LENGTH DATA ELEMENTS--GENERAL INFORMATION | |
| fixed length control field | 951023s1991 xx eng u |
| 035 ## - SYSTEM CONTROL NUMBER | |
| System control number | (Sirsi) r43991 |
| 035 ## - SYSTEM CONTROL NUMBER | |
| System control number | (UPRA)tmp15760736 |
| 040 ## - CATALOGING SOURCE | |
| Transcribing agency | UPRA |
| 245 00 - TITLE STATEMENT | |
| Title | Information freedom and censorship. |
| 260 ## - PUBLICATION, DISTRIBUTION, ETC. | |
| Name of publisher, distributor, etc. | World Report, |
| Date of publication, distribution, etc. | 1991. |
| 949 ## - LOCAL PROCESSING INFORMATION (OCLC) | |
| a | K44 |
| w | lcc |
| i | 33729001463830 |
| m | MAIN |
| p | 2500 |
| t | BOOK |
| l | ON-SHELF |
No items available.